Expedícia Manaslu ´97

Bibliographic Details
Main Author: Truchlíková, Eva (Author)
Format: Article
Language:Slovak
Subjects:

MARC

LEADER 00000nab a2200000Ia 4500
001 vtls010708740
003 SK-MaSNL
005 20260309141937.0
008 250709|1998 xo |||||||||||||||||slo|
035 |a (urnnbn)urn:nbn:sk:snk:ar-a043ut 
035 |a (uuid)b4a331fa-efac-41ca-bad2-1a454d88a560 
035 |a urn:nbn:sk:snk-ab3civ 
040 |a SNKBUCL  |b slo  |c SNKBUCL  |e AACR2 
041 0 |a slo 
044 |a xo  |c SK 
080 |a 796.52  |2 2001 
100 1 |a Truchlíková, Eva  |4 aut  |9 1629243 
245 1 0 |a Expedícia Manaslu ´97  |c Eva Truchlíková 
648 7 |a 15.9.1997  |2 SNK  |9 1629244 
650 0 7 |a Himaláje (pohorie)  |2 SNK  |9 900971 
650 0 7 |a expedície  |2 SNK  |9 393370 
650 0 7 |a horolezectvo  |2 SNKPH  |9 1050 
651 7 |a Káthmandú (Nepál)  |2 SNKPH  |9 24277 
773 0 |t Jamesák : odborný, metodický a informačný časopis Slovenského horolezeckého spolku James  |g Roč. 30, č. 1 (1998), s. 28-30 
850 |a Slovenská národná knižnica 
852 |a Slovenská národná knižnica 
954 |a odborná, vedecká literatúra pôvodná (slovenská)  |2 lita 
958 |a article1 
958 |a OND 
958 |a EUIPO 
999 |c 3362529  |d 3364459